| 000 | 01105caa a22002651ib4500 | ||
|---|---|---|---|
| 003 | SA-RiAUC | ||
| 005 | 20250925091754.0 | ||
| 008 | 250803s1993 ir g 000 0 ara c | ||
| 040 |
_aSA-JeALM _bara _cSA-RiAUC. _erda |
||
| 050 | 4 | _bH973M95 1994 | |
| 082 | 0 | 4 |
_a258.6 _qSA-RiAUC |
| 090 |
_a258.6 _bس ي س |
||
| 100 | 1 |
_aالسيستاني، علي الحسيني، _d1930- _eمؤلف. |
|
| 245 | 1 | 0 |
_aملحق مناسك الحج / _cتأليف علي الحسيني السيستاني. |
| 250 | _aالطبعة الاولى. | ||
| 264 |
_aقم - ايران : _bمكتب اية الله العظمى السيد السيستاني. _c2004 |
||
| 300 |
_a241 صفحة ؛ _c18 سم. |
||
| 336 |
_aنص _btxt _2rdacontent _3كتاب |
||
| 337 |
_aبدون وسيط _bn _2rdamedia |
||
| 338 |
_aمجلد _bnc _2rdacarrier |
||
| 580 | _aفي : ملحق مناسك الحج. -ط. 1. -قم، إيران : مكتب السيد السيستاني، 1993. -مج. 3. | ||
| 650 | 7 |
_aالحج (فقه الشيعة) _xمناسك _2aucsh |
|
| 942 |
_2ddc _cBOOK _n0 |
||
| 949 |
_aSA-JeALM _d250803 _uosman123 _n1 |
||
| 999 |
_c12113 _d12113 |
||